000 00248nam a22001097a 4500
100 _aPeala,Norman.Vincen
245 _aThe Power of positive thinking
250 _a2015
260 _bAmar chitre kaths pvt. Ltd.
300 _a218
942 _2ddc
_cBK
999 _c12836
_d12836